<?xml version="1.0" encoding="UTF-8"?>
<record
    xmlns:xsi="http://www.w3.org/2001/XMLSchema-instance"
    xsi:schemaLocation="http://www.loc.gov/MARC21/slim http://www.loc.gov/standards/marcxml/schema/MARC21slim.xsd"
    xmlns="http://www.loc.gov/MARC21/slim">

  <leader>01775nam a22002777a 4500</leader>
  <controlfield tag="005">20170801155742.0</controlfield>
  <datafield tag="010" ind1=" " ind2=" ">
    <subfield code="a">A-697612  HIN-112781</subfield>
  </datafield>
  <datafield tag="020" ind1=" " ind2=" ">
    <subfield code="c">1000.00</subfield>
    <subfield code="a">9789351461555</subfield>
  </datafield>
  <datafield tag="035" ind1=" " ind2=" ">
    <subfield code="a">A-697612</subfield>
  </datafield>
  <datafield tag="035" ind1=" " ind2=" ">
    <subfield code="a">HN-85127</subfield>
  </datafield>
  <datafield tag="037" ind1=" " ind2=" ">
    <subfield code="a">Cen Lib / Ret</subfield>
  </datafield>
  <datafield tag="037" ind1=" " ind2=" ">
    <subfield code="b">DBAD/PUB</subfield>
  </datafield>
  <datafield tag="082" ind1=" " ind2=" ">
    <subfield code="a">230.91092</subfield>
    <subfield code="b">&#x909;&#x92A;&#x93E;&#x927;&#x94D;&#x92F;&#x93E;</subfield>
  </datafield>
  <datafield tag="100" ind1=" " ind2=" ">
    <subfield code="a">&#x909;&#x92A;&#x93E;&#x927;&#x94D;&#x92F;&#x93E;&#x92F;, &#x92A;&#x902;&#x921;&#x93F;&#x924; &#x92C;&#x932;&#x926;&#x947;&#x935;</subfield>
  </datafield>
  <datafield tag="245" ind1=" " ind2=" ">
    <subfield code="a">&#x915;&#x93E;&#x936;&#x940; &#x915;&#x940; &#x92A;&#x93E;&#x902;&#x921;&#x93F;&#x924;&#x94D;&#x92F;-&#x92A;&#x930;&#x92E;&#x94D;&#x92A;&#x930;&#x93E;:  </subfield>
    <subfield code="c">&#x92A;&#x902;&#x921;&#x93F;&#x924; &#x92C;&#x932;&#x926;&#x947;&#x935; &#x909;&#x92A;&#x93E;&#x927;&#x94D;&#x92F;&#x93E;&#x92F;</subfield>
    <subfield code="b">&#x915;&#x93E;&#x936;&#x940;&#x938;&#x94D;&#x925; &#x938;&#x902;&#x938;&#x94D;&#x915;&#x943;&#x924; &#x935;&#x93F;&#x926;&#x94D;&#x935;&#x93E;&#x928;&#x94B;&#x902; &#x915;&#x947; &#x91C;&#x940;&#x935;&#x928;&#x91A;&#x930;&#x93F;&#x924;&#x94D;&#x930;&#x90F;&#x935;&#x902; &#x938;&#x93E;&#x939;&#x93F;&#x924;&#x94D;&#x92F;&#x93F;&#x915; &#x905;&#x935;&#x926;&#x93E;&#x928;&#x94B;&#x902; &#x915;&#x93E; &#x92A;&#x94D;&#x930;&#x93E;&#x92E;&#x923;&#x93F;&#x915; &#x935;&#x93F;&#x935;&#x930;&#x923; /</subfield>
  </datafield>
  <datafield tag="246" ind1=" " ind2=" ">
    <subfield code="a">Kasi ki pa&#x1E47;&#x1E0D;itya-parampara : Kasistha Samskrta vidvanom ke jivanacarita evam sahityika avadanom ka pramanika vivarana, 1200 I-1980 I /</subfield>
    <subfield code="b">by Baldeva Upadhyaya</subfield>
  </datafield>
  <datafield tag="260" ind1=" " ind2=" ">
    <subfield code="a">&#x935;&#x93E;&#x930;&#x93E;&#x923;&#x938;&#x940;</subfield>
    <subfield code="b">&#x935;&#x93F;&#x936;&#x94D;&#x935;&#x935;&#x93F;&#x927;&#x93E;&#x932;&#x92F; &#x92A;&#x94D;&#x930;&#x915;&#x93E;&#x936;&#x928;</subfield>
    <subfield code="c">1994</subfield>
  </datafield>
  <datafield tag="260" ind1=" " ind2=" ">
    <subfield code="c">2016</subfield>
  </datafield>
  <datafield tag="270" ind1=" " ind2=" ">
    <subfield code="a">&#x935;&#x93F;&#x936;&#x94D;&#x935;&#x935;&#x93F;&#x927;&#x93E;&#x932;&#x92F; &#x92A;&#x94D;&#x930;&#x915;&#x93E;&#x936;&#x928; &#x91A;&#x94C;&#x915;</subfield>
    <subfield code="b">&#x935;&#x93E;&#x930;&#x93E;&#x923;&#x938;&#x940;</subfield>
  </datafield>
  <datafield tag="300" ind1=" " ind2=" ">
    <subfield code="a">1123p.</subfield>
    <subfield code="b">24cm</subfield>
  </datafield>
  <datafield tag="650" ind1=" " ind2=" ">
    <subfield code="a">&#x938;&#x902;&#x938;&#x94D;&#x915;&#x943;&#x924; &#x92D;&#x93E;&#x937;&#x93E;&#x936;&#x93E;&#x938;&#x94D;&#x924;&#x94D;&#x930; - &#x905;&#x927;&#x94D;&#x92F;&#x92F;&#x928; &#x914;&#x930; &#x905;&#x927;&#x94D;&#x92F;&#x93E;&#x92A;&#x928; </subfield>
  </datafield>
  <datafield tag="650" ind1=" " ind2=" ">
    <subfield code="a">&#x938;&#x902;&#x938;&#x94D;&#x915;&#x943;&#x924; &#x92D;&#x93E;&#x937;&#x93E;&#x936;&#x93E;&#x938;&#x94D;&#x924;&#x94D;&#x930; - &#x905;&#x927;&#x94D;&#x92F;&#x92F;&#x928; &#x914;&#x930; &#x905;&#x927;&#x94D;&#x92F;&#x93E;&#x92A;&#x928; - &#x92D;&#x93E;&#x930;&#x924; - &#x935;&#x93E;&#x930;&#x93E;&#x923;&#x938;&#x940; (&#x909;&#x924;&#x94D;&#x924;&#x930; &#x92A;&#x94D;&#x930;&#x926;&#x947;&#x936;) - &#x907;&#x924;&#x93F;&#x939;&#x93E;&#x938; </subfield>
  </datafield>
  <datafield tag="650" ind1=" " ind2=" ">
    <subfield code="a">Sanskrit philology -- Study and teaching.</subfield>
  </datafield>
  <datafield tag="650" ind1=" " ind2=" ">
    <subfield code="a">Sanskrit philology -- Study and teaching -- India -- V&#x101;r&#x101;nasi (Uttar Pradesh) -- History.</subfield>
  </datafield>
  <datafield tag="942" ind1=" " ind2=" ">
    <subfield code="2">ddc</subfield>
    <subfield code="c">HN</subfield>
    <subfield code="h">230.91092</subfield>
    <subfield code="m">&#x92D;&#x93F;&#x915;&#x94D;&#x937;&#x941;&#x938;</subfield>
  </datafield>
  <datafield tag="999" ind1=" " ind2=" ">
    <subfield code="c">122327</subfield>
    <subfield code="d">122327</subfield>
  </datafield>
  <datafield tag="952" ind1=" " ind2=" ">
    <subfield code="0">0</subfield>
    <subfield code="1">0</subfield>
    <subfield code="4">0</subfield>
    <subfield code="7">1</subfield>
    <subfield code="8">REF</subfield>
    <subfield code="a">L</subfield>
    <subfield code="b">L</subfield>
    <subfield code="d">2016-03-14</subfield>
    <subfield code="e">Cen Lib/Ref</subfield>
    <subfield code="g">0.00</subfield>
    <subfield code="l">0</subfield>
    <subfield code="o">230.91092 &#x909;&#x92A;&#x93E;&#x927;&#x94D;&#x92F;&#x93E;</subfield>
    <subfield code="p">A-697612</subfield>
    <subfield code="r">2016-03-14 00:00:00</subfield>
    <subfield code="t">1</subfield>
    <subfield code="v">0.00</subfield>
    <subfield code="w">2016-03-14</subfield>
    <subfield code="y">HN</subfield>
  </datafield>
  <datafield tag="952" ind1=" " ind2=" ">
    <subfield code="0">0</subfield>
    <subfield code="1">0</subfield>
    <subfield code="4">0</subfield>
    <subfield code="7">1</subfield>
    <subfield code="8">REF</subfield>
    <subfield code="a">BL1</subfield>
    <subfield code="b">BL1</subfield>
    <subfield code="d">2017-08-01</subfield>
    <subfield code="e">DBAD/PUB</subfield>
    <subfield code="g">1000.00</subfield>
    <subfield code="l">0</subfield>
    <subfield code="o">230.91092 &#x92D;&#x93F;&#x915;&#x94D;&#x937;&#x941;&#x938;</subfield>
    <subfield code="p">HN-85127</subfield>
    <subfield code="r">2017-08-01 00:00:00</subfield>
    <subfield code="t">1</subfield>
    <subfield code="v">1000.00</subfield>
    <subfield code="y">HN</subfield>
  </datafield>
</record>
